[Event "Oceania-ch U20"]
[Site "Auckland"]
[Date "2019.01.11"]
[Round "7"]
[White "Zelesco, Karl"]
[Black "Yang, Ray"]
[Result "1-0"]
[WhiteElo "2412"]
[BlackElo "2065"]
[PlyCount "61"]
[EventDate "2019.01.08"]
[EventType "swiss"]
[EventRounds "9"]
[EventCountry "NZL"]
[SourceTitle "EXT 2020"]
[Source "ChessBase"]
[SourceDate "2019.10.17"]
[SourceVersion "1"]
[SourceVersionDate "2019.10.17"]
[SourceQuality "1"]

1. e4 e6 2. d4 d5 3. Nd2 Nf6 4. e5 Nfd7 5. Bd3 c5 6. c3 Nc6 7. Ne2 cxd4 8. cxd4 f6 9. exf6 Nxf6 10. Nf3 Bd6 11. 0-0 Qc7 12. h3 0-0 13. Be3 Bd7 14. Re1 Be8 15. Ng5 Nd8 16. Rc1 Qd7 17. Bb1 h6 18. Nf3 Nc6 19. a3 Bh5 20. Nh4 Qf7 21. g4 g5 22. gxh5 gxh4 23. Bg6 Qg7 24. Kh1 Nh7 25. Rg1 Ng5 26. Bxg5 hxg5 27. Rxg5 Qf6 28. Qd2 Nxd4 29. Bf5+ Kh8 30. Nxd4 exf5 31. Rg6 1-0

[Event "Oceania-ch U20"]
[Site "Auckland"]
[Date "2019.01.10"]
[Round "5"]
[White "Chan, Luis"]
[Black "Zelesco, Karl"]
[Result "1/2-1/2"]
[WhiteElo "2265"]
[BlackElo "2412"]
[PlyCount "91"]
[EventDate "2019.01.08"]
[EventType "swiss"]
[EventRounds "9"]
[EventCountry "NZL"]
[SourceTitle "EXT 2020"]
[Source "ChessBase"]
[SourceDate "2019.10.17"]
[SourceVersion "1"]
[SourceVersionDate "2019.10.17"]
[SourceQuality "1"]

1. d4 Nf6 2. c4 e6 3. g3 d5 4. Bg2 Be7 5. Nf3 0-0 6. 0-0 dxc4 7. Qc2 a6 8. a4 Bd7 9. Qxc4 Bc6 10. Bf4 Bd6 11. Qc1 a5 12. Rd1 Na6 13. Ne5 Bxg2 14. Kxg2 Nd5 15. Bd2 c5 16. Nc4 cxd4 17. Bxa5 b6 18. Be1 Bc5 19. Nbd2 f5 20. Nf3 Qf6 21. Bd2 h6 22. Bf4 Nxf4+ 23. Qxf4 Rad8 24. h4 Rd5 25. a5 b5 26. Nb6 Rd6 27. Qe5 Rfd8 28. Rac1 Qxe5 29. Nxe5 Kf8 30. Kf3 Ke8 31. g4 fxg4+ 32. Kxg4 Bxb6 33. axb6 Rxb6 34. Kf4 b4 35. e3 dxe3 36. Rxd8+ Kxd8 37. Kxe3 Nc7 38. Nf7+ Kc8 39. Kd4 b3 40. Kc5 Nd5 41. Rg1 Kd7 42. Ne5+ Ke7 43. f4 Ra6 44. Rxg7+ Kf8 45. Rb7 Ra5+ 46. Kd6 1/2-1/2

[Event "Oceania-ch U20"]
[Site "Auckland"]
[Date "2019.01.08"]
[Round "1"]
[White "Cronin, Henry"]
[Black "Zelesco, Karl"]
[Result "0-1"]
[WhiteElo "1933"]
[BlackElo "2412"]
[PlyCount "62"]
[EventDate "2019.01.08"]
[EventType "swiss"]
[EventRounds "9"]
[EventCountry "NZL"]
[SourceTitle "EXT 2020"]
[Source "ChessBase"]
[SourceDate "2019.10.17"]
[SourceVersion "1"]
[SourceVersionDate "2019.10.17"]
[SourceQuality "1"]

1. e4 e6 2. d4 d5 3. Nc3 Nf6 4. e5 Nfd7 5. f4 c5 6. Nce2 Nc6 7. c3 b5 8. a3 a5 9. Nf3 b4 10. axb4 cxb4 11. g3 Nb6 12. Bh3 a4 13. 0-0 b3 14. Ne1 g6 15. Ng2 Na5 16. Ne3 Nac4 17. Rb1 Bd7 18. Qe1 a3 19. Nxc4 Nxc4 20. bxa3 Qb6 21. Bb2 Bxa3 22. Bxa3 Nxa3 23. Rb2 Nc4 24. Rb1 b2 25. g4 Na3 26. Rd1 Ba4 27. f5 Bxd1 28. fxg6 hxg6 29. Qf2 Rh7 30. Rxd1 Rxh3 31. Rf1 Rh7 0-1

[Event "Melbourne Australasian GM"]
[Site "Melbourne"]
[Date "2018.12.19"]
[Round "5"]
[White "Cheng, Bobby Sky"]
[Black "Zelesco, Karl"]
[Result "1/2-1/2"]
[WhiteElo "2510"]
[BlackElo "2407"]
[PlyCount "117"]
[EventDate "2018.12.15"]
[EventType "tourn"]
[EventRounds "9"]
[EventCountry "AUS"]
[EventCategory "8"]
[SourceTitle "CBM 187 Extra"]
[Source "ChessBase"]
[SourceDate "2018.11.04"]
[SourceVersion "1"]
[SourceVersionDate "2018.11.04"]
[SourceQuality "1"]

1. d4 d5 2. c4 c6 3. Nf3 Nf6 4. Nc3 e6 5. e3 a6 6. b3 Bb4 7. Bd2 Nbd7 8. Bd3 0-0 9. 0-0 Bd6 10. Re1 e5 11. cxd5 cxd5 12. e4 dxe4 13. Nxe4 Nxe4 14. Rxe4 f5 15. Bc4+ Kh8 16. Rh4 Qe8 17. Ng5 Nf6 18. dxe5 Bxe5 19. Bb4 b5 20. Bd5 Ra7 21. Rc1 Rd7 22. Qf3 Rxd5 23. Nxh7 Nxh7 24. Qxd5 Bb2 25. Rd1 Rg8 26. Qf3 Bf6 27. Rh3 Qf7 28. Qd3 Re8 29. Bc3 Kg8 30. Re3 Rxe3 31. Qxe3 Qe6 32. Bxf6 Nxf6 33. Qxe6+ Bxe6 34. Rd6 Kf7 35. Rxa6 Nd5 36. f3 Nc3 37. Kf2 f4 38. Ke1 Kf6 39. Kd2 b4 40. Kd3 Ke5 41. Ra5+ Nd5 42. Kc4 g5 43. g3 Bf7 44. Rb5 Kd6 45. Kd4 g4 46. fxg4 f3 47. Rc5 Be6 48. Rc2 Bxg4 49. Rf2 Nc3 50. h3 Bxh3 51. Rxf3 Nxa2 52. Kc4 Be6+ 53. Kb5 Kd5 54. Rf2 Nc1 55. Rd2+ Ke4 56. Kxb4 Bxb3 57. Kc3 Be6 58. g4 Na2+ 59. Rxa2 1/2-1/2

[Event "Melbourne Australasian GM"]
[Site "Melbourne"]
[Date "2018.12.18"]
[Round "4"]
[White "Zelesco, Karl"]
[Black "Liu, Xiangyi"]
[Result "1-0"]
[WhiteElo "2407"]
[BlackElo "2439"]
[PlyCount "39"]
[EventDate "2018.12.15"]
[EventType "tourn"]
[EventRounds "9"]
[EventCountry "AUS"]
[EventCategory "8"]
[SourceTitle "CBM 187 Extra"]
[Source "ChessBase"]
[SourceDate "2018.11.04"]
[SourceVersion "1"]
[SourceVersionDate "2018.11.04"]
[SourceQuality "1"]

1. e4 e6 2. d4 d5 3. Nd2 c5 4. exd5 Qxd5 5. Ngf3 cxd4 6. Bc4 Qd7 7. 0-0 Nc6 8. Nb3 Nf6 9. Qe2 a6 10. a4 d3 11. Bxd3 Bd6 12. c3 Qc7 13. Nbd2 Ng4 14. g3 Nge5 15. Be4 Bd7 16. Bxc6 Nxc6 17. Nc4 f6 18. Be3 Be7 19. Rad1 0-0 20. Nb6 1-0

[Event "Melbourne Australasian GM"]
[Site "Melbourne"]
[Date "2018.12.15"]
[Round "1"]
[White "Papin, Vasily"]
[Black "Zelesco, Karl"]
[Result "1/2-1/2"]
[WhiteElo "2483"]
[BlackElo "2407"]
[PlyCount "79"]
[EventDate "2018.12.15"]
[EventType "tourn"]
[EventRounds "9"]
[EventCountry "AUS"]
[EventCategory "8"]
[SourceTitle "CBM 187 Extra"]
[Source "ChessBase"]
[SourceDate "2018.11.04"]
[SourceVersion "1"]
[SourceVersionDate "2018.11.04"]
[SourceQuality "1"]

1. Nf3 d5 2. e3 Nf6 3. c4 e6 4. Nc3 a6 5. b3 c5 6. Bb2 Nc6 7. cxd5 exd5 8. d4 cxd4 9. Nxd4 Bd6 10. Nxc6 bxc6 11. Be2 0-0 12. Rc1 Qc7 13. Na4 Rb8 14. Bxf6 gxf6 15. Nc3 Kh8 16. g3 Rg8 17. Qc2 Bh3 18. Bf1 Qd7 19. Bxh3 Qxh3 20. Qd3 Rbe8 21. Kd2 Qg4 22. Rhf1 Rd8 23. Kc2 Be5 24. f4 Bd6 25. Kb2 Rge8 26. Na4 Qe6 27. Rfe1 Bb4 28. Re2 d4 29. e4 Qd6 30. Rc4 f5 31. e5 Ba3+ 32. Kc2 Qd5 33. Kd2 c5 34. Qxf5 Bb4+ 35. Rxb4 cxb4 36. Qf6+ Kg8 37. Qg5+ Kh8 38. Qf6+ Kg8 39. Qg5+ Kh8 40. Qf6+ 1/2-1/2

[Event "Melbourne Australasian GM"]
[Site "Melbourne"]
[Date "2017.12.13"]
[Round "5"]
[White "Dale, Ari"]
[Black "Zelesco, Karl"]
[Result "0-1"]
[WhiteElo "2390"]
[BlackElo "2361"]
[PlyCount "104"]
[EventDate "2017.12.09"]
[EventType "tourn"]
[EventRounds "9"]
[EventCountry "AUS"]
[EventCategory "9"]
[SourceTitle "CBM 182 Extra"]
[Source "ChessBase"]
[SourceDate "2018.02.23"]
[SourceVersion "1"]
[SourceVersionDate "2018.02.23"]
[SourceQuality "1"]

1. d4 d5 2. c4 c6 3. cxd5 cxd5 4. Bg5 h6 5. Bh4 Nc6 6. Nc3 Bf5 7. e3 Qb6 8. Bb5 e6 9. Nge2 Nge7 10. 0-0 g5 11. Bg3 Bg7 12. Qb3 0-0 13. Na4 Qd8 14. Bxc6 bxc6 15. Rfc1 h5 16. h3 h4 17. Bh2 g4 18. hxg4 Bxg4 19. f3 Bf5 20. Nf4 Bh6 21. Nc5 Ng6 22. Nxg6 Bxg6 23. Re1 Kh7 24. Qb7 Rg8 25. Qc7 Qg5 26. Nxe6 Qf5 27. Nf4 Bh5 28. Re2 Bxf3 29. Rf2 Be4 30. Re1 Rg7 31. Qe5 Qxe5 32. dxe5 Rag8 33. Ree2 Bxf4 34. Bxf4 Kg6 35. Kh2 c5 36. a3 Kh5 37. Rd2 Rg6 38. Rde2 a5 39. Rd2 a4 40. Rde2 Kg4 41. Rd2 Re6 42. Rde2 Kh5 43. Re1 Reg6 44. Ree2 Rg4 45. Rd2 Kg6 46. Rde2 Kf5 47. Bg3+ Ke6 48. Rf6+ Ke7 49. Be1 Bxg2 50. Rc6 Be4 51. Rxc5 Rg1 52. Bxh4+ Kd7 0-1

[Event "Melbourne Australasian GM"]
[Site "Melbourne"]
[Date "2017.12.11"]
[Round "3"]
[White "Cheng, Bobby Sky"]
[Black "Zelesco, Karl"]
[Result "1-0"]
[WhiteElo "2483"]
[BlackElo "2361"]
[PlyCount "91"]
[EventDate "2017.12.09"]
[EventType "tourn"]
[EventRounds "9"]
[EventCountry "AUS"]
[EventCategory "9"]
[SourceTitle "CBM 182 Extra"]
[Source "ChessBase"]
[SourceDate "2018.02.23"]
[SourceVersion "1"]
[SourceVersionDate "2018.02.23"]
[SourceQuality "1"]

1. Nf3 d5 2. b3 Bg4 3. Bb2 Nd7 4. g3 Bxf3 5. exf3 e5 6. Bg2 Ngf6 7. 0-0 Bd6 8. d4 0-0 9. Re1 Re8 10. Nc3 c6 11. dxe5 Bxe5 12. f4 Bd6 13. Rxe8+ Qxe8 14. Ne2 Qf8 15. a4 Re8 16. Nd4 Bc5 17. Qd3 a6 18. Rf1 Ba3 19. Ba1 Nc5 20. Qd1 Nce4 21. Nf5 g6 22. Nd4 Bc5 23. f3 Nd6 24. Kh1 Qh6 25. Re1 Nh5 26. Rxe8+ Nxe8 27. Qe1 Qf8 28. Bf1 Nhg7 29. Qd2 Qe7 30. Bh3 Bb4 31. Qe2 Kf8 32. Qxe7+ Bxe7 33. f5 g5 34. Bb2 Bf6 35. Ba3+ Be7 36. Bc1 Nd6 37. f4 h6 38. g4 Ne4 39. Nf3 Ne8 40. Kg1 Bc5+ 41. Kf1 Nf2 42. Bg2 Nxg4 43. fxg5 hxg5 44. Bxg5 Nd6 45. f6 Ne4 46. Bh3 1-0

[Event "Melbourne Australasian GM"]
[Site "Melbourne"]
[Date "2017.12.10"]
[Round "2"]
[White "Zelesco, Karl"]
[Black "Papin, Vasily"]
[Result "0-1"]
[WhiteElo "2361"]
[BlackElo "2453"]
[PlyCount "60"]
[EventDate "2017.12.09"]
[EventType "tourn"]
[EventRounds "9"]
[EventCountry "AUS"]
[EventCategory "9"]
[SourceTitle "CBM 182 Extra"]
[Source "ChessBase"]
[SourceDate "2018.02.23"]
[SourceVersion "1"]
[SourceVersionDate "2018.02.23"]
[SourceQuality "1"]

1. d4 Nf6 2. c4 e6 3. Nc3 Bb4 4. e3 0-0 5. Nge2 Re8 6. a3 Bf8 7. e4 d5 8. e5 Nfd7 9. cxd5 exd5 10. f4 c5 11. dxc5 Nc6 12. b4 d4 13. Ne4 Ndxe5 14. fxe5 d3 15. N2g3 Nxe5 16. Bf4 f5 17. Bxe5 fxe4 18. Qb3+ Kh8 19. Qc3 Qg5 20. Bd4 Bg4 21. Qd2 Qd5 22. Be3 a5 23. Bxd3 exd3 24. 0-0 axb4 25. axb4 Rxa1 26. Rxa1 Rxe3 27. Ra8 Kg8 28. Qf2 Rf3 29. gxf3 d2 30. Ra1 Bxf3 0-1

[Event "Oceania zt 3.6"]
[Site "Auckland"]
[Date "2017.01.17"]
[Round "5"]
[White "Zelesco, Karl"]
[Black "Illingworth, Max"]
[Result "0-1"]
[WhiteElo "2345"]
[BlackElo "2481"]
[PlyCount "90"]
[EventDate "2017.01.14"]
[EventType "swiss"]
[EventRounds "9"]
[EventCountry "NZL"]
[SourceTitle "CBM 176 Extra"]
[Source "ChessBase"]
[SourceDate "2017.03.02"]
[SourceVersion "1"]
[SourceVersionDate "2017.03.02"]
[SourceQuality "1"]

1. f4 d5 2. Nf3 g6 3. c4 e6 4. g3 Bg7 5. Bg2 Ne7 6. 0-0 0-0 7. Na3 c5 8. d3 Nbc6 9. e3 b6 10. Qe2 Bb7 11. Rd1 e5 12. cxd5 Nxd5 13. Nc4 exf4 14. e4 Re8 15. gxf4 Qc7 16. Qd2 Nd4 17. Kh1 Nxf3 18. Bxf3 Nb4 19. Qe2 f5 20. a3 Nc6 21. Be3 b5 22. Nd2 Bxb2 23. Nb3 Bxa1 24. Rxa1 fxe4 25. dxe4 c4 26. Nc5 Rad8 27. Qb2 Ba8 28. Qxb5 Qf7 29. Bg2 Nd4 30. Qb2 Nb3 31. Re1 Rc8 32. Qf2 Nxc5 33. Bxc5 c3 34. Bd4 Rc4 35. f5 c2 36. Qe3 Rd8 37. fxg6 hxg6 38. Bb2 Rd1 39. Qe2 Rxe1+ 40. Qxe1 Bxe4 41. h3 Qb7 42. Qd2 Bxg2+ 43. Kh2 Qxb2 44. Qd8+ Kh7 45. Qe7+ Qg7 0-1

[Event "Australian Masters GM"]
[Site "Melbourne"]
[Date "2016.12.18"]
[Round "9"]
[White "Solomon, Stephen J"]
[Black "Zelesco, Karl"]
[Result "0-1"]
[WhiteElo "2377"]
[BlackElo "2353"]
[PlyCount "76"]
[EventDate "2016.12.10"]
[EventType "tourn"]
[EventRounds "9"]
[EventCountry "AUS"]
[SourceTitle "CBM 176 Extra"]
[Source "ChessBase"]
[SourceDate "2017.03.02"]
[SourceVersion "1"]
[SourceVersionDate "2017.03.02"]
[SourceQuality "1"]

1. e4 e5 2. Nf3 Nc6 3. Bb5 a6 4. Bxc6 dxc6 5. 0-0 Bg4 6. h3 h5 7. d3 Qf6 8. Nbd2 g5 9. Nc4 Bxf3 10. Qxf3 Qxf3 11. gxf3 f6 12. h4 gxh4 13. Kh2 b5 14. Ne3 Ne7 15. Rg1 Kf7 16. Nf5 Nxf5 17. exf5 Bc5 18. Be3 Bxe3 19. fxe3 Rhg8 20. e4 Rg5 21. Kh3 Rag8 22. Rxg5 fxg5 23. b4 a5 24. a4 axb4 25. axb5 cxb5 26. Rb1 c5 27. Ra1 g4+ 28. Kxh4 g3 29. Ra7+ Kf8 30. Kxh5 g2 31. Ra8+ Kf7 32. Ra7+ Kf6 33. Ra6+ Ke7 34. Ra7+ Kd6 35. Ra6+ Kc7 36. Ra7+ Kb6 37. Ra1 Rh8+ 38. Kg6 Rh1 0-1

[Event "Australian Masters GM"]
[Site "Melbourne"]
[Date "2016.12.17"]
[Round "8"]
[White "Zelesco, Karl"]
[Black "Ikeda, Junta"]
[Result "0-1"]
[WhiteElo "2353"]
[BlackElo "2375"]
[PlyCount "70"]
[EventDate "2016.12.10"]
[EventType "tourn"]
[EventRounds "9"]
[EventCountry "AUS"]
[SourceTitle "CBM 176 Extra"]
[Source "ChessBase"]
[SourceDate "2017.03.02"]
[SourceVersion "1"]
[SourceVersionDate "2017.03.02"]
[SourceQuality "1"]

1. e4 c5 2. Nf3 e6 3. g3 Nc6 4. Bg2 Nf6 5. Qe2 e5 6. 0-0 Be7 7. c3 0-0 8. Na3 Re8 9. d3 Rb8 10. Nc4 d6 11. a4 a6 12. Bg5 b5 13. axb5 axb5 14. Ne3 Ng4 15. Bxe7 Nxe7 16. Nc2 f5 17. Nd2 f4 18. d4 Ng6 19. dxc5 dxc5 20. f3 Nxh2 21. g4 Nxf1 22. Bxf1 h5 23. gxh5 Nh4 24. Kf2 Qg5 25. Ke1 Rd8 26. Qf2 Rb6 27. Nb4 Be6 28. Nd5 Bxd5 29. exd5 Rxd5 30. Ra8+ Kh7 31. Ne4 Qxh5 32. Bh3 Rg6 33. Ke2 Nxf3 34. Qxf3 Qxf3+ 35. Kxf3 Rd3+ 0-1

[Event "Australian Masters GM"]
[Site "Melbourne"]
[Date "2016.12.14"]
[Round "5"]
[White "Zelesco, Karl"]
[Black "Papin, Vasily"]
[Result "1/2-1/2"]
[WhiteElo "2353"]
[BlackElo "2466"]
[PlyCount "49"]
[EventDate "2016.12.10"]
[EventType "tourn"]
[EventRounds "9"]
[EventCountry "AUS"]
[SourceTitle "CBM 176 Extra"]
[Source "ChessBase"]
[SourceDate "2017.03.02"]
[SourceVersion "1"]
[SourceVersionDate "2017.03.02"]
[SourceQuality "1"]

1. d4 d5 2. c4 dxc4 3. Nf3 a6 4. e3 e6 5. Bxc4 b5 6. Bd3 Nf6 7. 0-0 Bb7 8. a4 b4 9. Qe2 Nbd7 10. Rd1 c5 11. dxc5 Bxc5 12. h3 0-0 13. e4 Qc7 14. Nbd2 Rfd8 15. e5 Nd5 16. Nb3 Be7 17. Qe4 g6 18. Qe2 Nc5 19. Nxc5 Qxc5 20. Bh6 a5 21. Rac1 Qb6 22. Nd2 Qd4 23. Nf3 Qb6 24. Nd2 Qd4 25. Nf3 1/2-1/2

[Event "Australian Masters GM"]
[Site "Melbourne"]
[Date "2016.12.11"]
[Round "2"]
[White "Demuth, Adrien"]
[Black "Zelesco, Karl"]
[Result "1/2-1/2"]
[WhiteElo "2546"]
[BlackElo "2353"]
[PlyCount "41"]
[EventDate "2016.12.10"]
[EventType "tourn"]
[EventRounds "9"]
[EventCountry "AUS"]
[SourceTitle "CBM 176 Extra"]
[Source "ChessBase"]
[SourceDate "2017.03.02"]
[SourceVersion "1"]
[SourceVersionDate "2017.03.02"]
[SourceQuality "1"]

1. c4 e5 2. Nc3 Bb4 3. Nd5 Bc5 4. e3 Nf6 5. b4 Be7 6. Nxe7 Qxe7 7. a3 0-0 8. Bb2 a5 9. b5 d6 10. Nf3 Bf5 11. Be2 h6 12. 0-0 Nbd7 13. a4 Rfe8 14. Nh4 Bh7 15. f4 Ne4 16. g3 Nec5 17. f5 Qg5 18. Nf3 Qe7 19. Nh4 Qg5 20. Nf3 Qe7 21. Nh4 1/2-1/2

[Event "AUS-ch"]
[Site "Melbourne"]
[Date "2016.01.11"]
[Round "10"]
[White "Zelesco, Karl"]
[Black "Loh, Zachary"]
[Result "1-0"]
[WhiteElo "2278"]
[BlackElo "2220"]
[PlyCount "97"]
[EventDate "2016.01.02"]
[EventType "swiss"]
[EventRounds "11"]
[EventCountry "AUS"]
[SourceTitle "CBM 170 Extra"]
[Source "ChessBase"]
[SourceDate "2016.02.25"]
[SourceVersion "1"]
[SourceVersionDate "2016.02.25"]
[SourceQuality "1"]

1. d4 Nf6 2. c4 e6 3. g3 c5 4. d5 exd5 5. cxd5 b5 6. e4 Nxe4 7. Bg2 Nd6 8. Nf3 Be7 9. 0-0 0-0 10. Bf4 Qb6 11. Nc3 Ba6 12. Rc1 c4 13. Re1 Bf6 14. Ng5 Bb7 15. Qh5 h6 16. Bxd6 Qxd6 17. Nge4 Qb6 18. Nxf6+ Qxf6 19. Nxb5 Na6 20. Rxc4 Rac8 21. Rxc8 Rxc8 22. Nc3 Nc5 23. Qd1 Ba6 24. Bf1 Bxf1 25. Kxf1 Qf5 26. Re3 d6 27. Kg2 Nd7 28. Ne4 Qg6 29. h4 h5 30. Qd4 Nb6 31. Ng5 f6 32. Ne4 Qg4 33. Qd3 Nc4 34. Re2 Ne5 35. Qe3 Qd7 36. b3 Qb5 37. Rd2 Rc1 38. Qe2 Qb6 39. Qxh5 Qb4 40. Qe8+ Kh7 41. Qh5+ Kg8 42. Qe2 Qb6 43. Rd1 Rc8 44. h5 Re8 45. h6 Qb4 46. Nd2 Kf7 47. hxg7 Qa5 48. Nc4 Qc5 49. f4 1-0

[Event "AUS-ch"]
[Site "Melbourne"]
[Date "2016.01.05"]
[Round "5"]
[White "Morris, James"]
[Black "Zelesco, Karl"]
[Result "1/2-1/2"]
[WhiteElo "2422"]
[BlackElo "2278"]
[PlyCount "43"]
[EventDate "2016.01.02"]
[EventType "swiss"]
[EventRounds "11"]
[EventCountry "AUS"]
[SourceTitle "CBM 170 Extra"]
[Source "ChessBase"]
[SourceDate "2016.02.25"]
[SourceVersion "1"]
[SourceVersionDate "2016.02.25"]
[SourceQuality "1"]

1. f4 d5 2. Nf3 g6 3. g3 Bg7 4. Bg2 Nf6 5. 0-0 c5 6. d3 Nc6 7. h3 0-0 8. Qe1 Re8 9. Ne5 Nd4 10. Na3 Nd7 11. Nxd7 Bxd7 12. c3 Nc6 13. Qf2 d4 14. c4 Rb8 15. Nc2 a6 16. b3 Qc8 17. Kh2 b5 18. Ba3 b4 19. Bc1 a5 20. a4 f5 21. e3 e5 22. exd4 1/2-1/2

[Event "Australian Masters IM"]
[Site "Melbourne"]
[Date "2015.12.15"]
[Round "4"]
[White "Wallis, Christopher"]
[Black "Zelesco, Karl"]
[Result "1-0"]
[WhiteElo "2305"]
[BlackElo "2272"]
[PlyCount "117"]
[EventDate "2015.12.12"]
[EventType "tourn"]
[EventRounds "9"]
[EventCountry "AUS"]
[EventCategory "1"]
[SourceTitle "EXT 2017"]
[Source "ChessBase"]
[SourceDate "2016.10.25"]
[SourceVersion "1"]
[SourceVersionDate "2016.10.25"]
[SourceQuality "1"]

1. d4 d5 2. c4 c6 3. Nc3 Nf6 4. e3 e6 5. Nf3 Nbd7 6. Bd3 dxc4 7. Bxc4 b5 8. Bd3 Bb7 9. e4 b4 10. Na4 c5 11. e5 Nd5 12. 0-0 cxd4 13. Re1 g6 14. Bg5 Qa5 15. Nxd4 a6 16. Bd2 Bg7 17. a3 Nxe5 18. Be4 0-0 19. axb4 Qc7 20. Rc1 Qe7 21. Nc5 Rac8 22. Qe2 Rfd8 23. Ndb3 Bc6 24. Qxa6 Qe8 25. Qa3 Bb5 26. Bg5 Nc4 27. Rxc4 Bxc4 28. Bxd8 Rxd8 29. Na5 Bb5 30. Qb3 Nf4 31. Bf3 Rd2 32. Nc4 Rd4 33. Na3 Bc6 34. b5 Bxf3 35. Qxf3 Nd5 36. Nb3 Qb8 37. Nxd4 Bxd4 38. Nc4 Qxb5 39. Qxf7+ Kxf7 40. Nd6+ Kf6 41. Nxb5 Bxb2 42. Nd6 e5 43. Kf1 Bd4 44. Ke2 h5 45. h4 Ke6 46. Ne4 Nf6 47. Ng5+ Kf5 48. f3 Kf4 49. Ne6+ Kg3 50. Nxd4 exd4 51. Rd1 Kxh4 52. Kf2 Kg5 53. Rxd4 h4 54. Ke3 Kh5 55. Kf4 Ne8 56. Rd8 g5+ 57. Kf5 Ng7+ 58. Kf6 Kh6 59. Rh8# 1-0

[Event "Australian Masters IM"]
[Site "Melbourne"]
[Date "2015.12.12"]
[Round "1"]
[White "Zelesco, Karl"]
[Black "Bjelobrk, Igor"]
[Result "0-1"]
[WhiteElo "2272"]
[BlackElo "2367"]
[PlyCount "80"]
[EventDate "2015.12.12"]
[EventType "tourn"]
[EventRounds "9"]
[EventCountry "AUS"]
[EventCategory "1"]
[SourceTitle "EXT 2017"]
[Source "ChessBase"]
[SourceDate "2016.10.25"]
[SourceVersion "1"]
[SourceVersionDate "2016.10.25"]
[SourceQuality "1"]

1. d4 Nf6 2. c4 e6 3. g3 d5 4. Nf3 dxc4 5. Bg2 a6 6. 0-0 b5 7. b3 cxb3 8. Ne5 Nd5 9. Qxb3 Be7 10. Nc3 c6 11. Ne4 0-0 12. Ba3 b4 13. Bb2 a5 14. Rac1 Ba6 15. Rfe1 Bb5 16. Bh3 a4 17. Qf3 Nd7 18. Red1 Rc8 19. Nc5 Nxe5 20. dxe5 Qc7 21. Ne4 a3 22. Bd4 Rfd8 23. Qg4 h6 24. Nf6+ Kh8 25. Qh5 Bf8 26. Ne4 Rd7 27. Nd6 Ba4 28. Rd2 Rcd8 29. e4 Nc3 30. Bxc3 bxc3 31. Nxf7+ Rxf7 32. Rxd8 Rxf2 33. Ra8 Qb6 34. Kh1 Qb4 35. Bg2 c2 36. Bf3 Kh7 37. Qg4 Qd2 38. Kg1 Bc5 39. Rf1 Rxf1+ 40. Kxf1 Qf2# 0-1

[Event "Oceania zt"]
[Site "Cammeray"]
[Date "2015.07.08"]
[Round "7"]
[White "Zelesco, Karl"]
[Black "McClymont, Brodie"]
[Result "1/2-1/2"]
[WhiteElo "2318"]
[BlackElo "2244"]
[PlyCount "81"]
[EventDate "2015.07.04"]
[EventType "swiss"]
[EventRounds "9"]
[EventCountry "AUS"]
[SourceTitle "CBM 167 Extra"]
[Source "ChessBase"]
[SourceDate "2015.09.14"]
[SourceVersion "1"]
[SourceVersionDate "2015.09.14"]
[SourceQuality "1"]

1. d4 Nf6 2. c4 g6 3. Nc3 Bg7 4. e4 d6 5. h3 0-0 6. Bg5 c5 7. d5 e6 8. Bd3 exd5 9. cxd5 Re8 10. Nf3 c4 11. Bc2 Qb6 12. Rb1 Na6 13. 0-0 Bd7 14. Re1 Nb4 15. Rc1 Nxc2 16. Qxc2 Rac8 17. Qd2 Qa6 18. g4 Ba4 19. Bh6 Bh8 20. Nd4 Nd7 21. b3 cxb3 22. axb3 Qb6 23. Be3 Ne5 24. Qd1 Bd7 25. f4 Qb4 26. Nce2 Rxc1 27. Nxc1 Nxg4 28. hxg4 Bxg4 29. Na2 Bxd1 30. Nxb4 Rxe4 31. Rxd1 Rxe3 32. Nbc2 Re4 33. Nb5 Rxf4 34. Nxd6 Rf3 35. Nc8 Rg3+ 36. Kf1 Rxb3 37. d6 Bf6 38. d7 a5 39. d8Q+ Bxd8 40. Rxd8+ Kg7 41. Ne7 1/2-1/2

[Event "Oceania zt"]
[Site "Cammeray"]
[Date "2015.07.07"]
[Round "6"]
[White "Rains, Edward"]
[Black "Zelesco, Karl"]
[Result "0-1"]
[WhiteElo "1982"]
[BlackElo "2318"]
[PlyCount "178"]
[EventDate "2015.07.04"]
[EventType "swiss"]
[EventRounds "9"]
[EventCountry "AUS"]
[SourceTitle "CBM 167 Extra"]
[Source "ChessBase"]
[SourceDate "2015.09.14"]
[SourceVersion "1"]
[SourceVersionDate "2015.09.14"]
[SourceQuality "1"]

1. e4 e6 2. d4 d5 3. Nc3 Bb4 4. e5 c5 5. Bd2 Nh6 6. Nb5 Bxd2+ 7. Qxd2 0-0 8. f4 a6 9. Nc3 cxd4 10. Nce2 f6 11. Nf3 fxe5 12. fxe5 Qc7 13. Nexd4 Ng4 14. Qg5 Nh6 15. Bd3 Nc6 16. c3 Bd7 17. 0-0 Qb6 18. Rab1 Nf5 19. Kh1 Ncxd4 20. cxd4 Bb5 21. Qd2 Kh8 22. Bxb5 axb5 23. b3 h6 24. Rbc1 Ne7 25. Qb4 Nc6 26. Qd6 Rfe8 27. Rc2 b4 28. h3 Kh7 29. Rff2 Rad8 30. Qc5 Qxc5 31. Rxc5 Ra8 32. Kh2 Rf8 33. Kg3 Rf5 34. Rb5 Ra7 35. Rc5 g5 36. Rcc2 Kg6 37. Rcd2 Ra8 38. Nh2 h5 39. Rxf5 exf5 40. h4 f4+ 41. Kf3 Nd8 42. hxg5 Ne6 43. g3 Rf8 44. Kg2 Nxg5 45. Rf2 Ne6 46. gxf4 Rxf4 47. Rxf4 Nxf4+ 48. Kf3 Ne6 49. Ke3 Kf5 50. Nf1 h4 51. Nh2 h3 52. Nf1 Kg4 53. Kf2 Kf4 54. Ne3 Ke4 55. Nc2 Kd3 56. Nxb4+ Kxd4 57. Kg3 Ng5 58. e6 Nxe6 59. Kxh3 Nf4+ 60. Kg3 Nd3 61. Nc2+ Kc3 62. Ne3 d4 63. Nc4 Nc1 64. Kf2 Nxa2 65. Na5 b6 66. Nc4 b5 67. Na3 b4 68. Nb5+ Kd3 69. Ke1 Nc1 70. Kd1 Nxb3 71. Nd6 Nd2 72. Nb5 Ne4 73. Kc1 Kc4 74. Nc7 Nc5 75. Ne8 Kc3 76. Nd6 d3 77. Nb5+ Kc4 78. Nd6+ Kd5 79. Nb5 Kc4 80. Nd6+ Kd4 81. Nf5+ Ke4 82. Ng3+ Kf3 83. Nf1 Ke2 84. Nd2 Na4 85. Nc4 Nc3 86. Nb2 Na2+ 87. Kb1 Nc3+ 88. Kc1 Na2+ 89. Kb1 b3 0-1

[Event "Doeberl Cup 53rd"]
[Site "Canberra"]
[Date "2015.04.02"]
[Round "1"]
[White "Zelesco, Karl"]
[Black "D'Arcy, Michael"]
[Result "1-0"]
[WhiteElo "2252"]
[BlackElo "1922"]
[PlyCount "65"]
[EventDate "2015.04.02"]
[EventType "swiss"]
[EventRounds "9"]
[EventCountry "AUS"]
[SourceTitle "EXT 2018"]
[Source "ChessBase"]
[SourceDate "2017.10.13"]
[SourceVersion "1"]
[SourceVersionDate "2017.10.13"]
[SourceQuality "1"]

1. d4 Nf6 2. c4 e6 3. Nc3 Bb4 4. e3 0-0 5. Nge2 c5 6. a3 Bxc3+ 7. Nxc3 Nc6 8. dxc5 Qa5 9. b4 Nxb4 10. Bd2 Nc6 11. Nb5 Qd8 12. Bd3 Ne8 13. 0-0 f5 14. e4 f4 15. e5 Qg5 16. Re1 b6 17. cxb6 axb6 18. Be4 Bb7 19. Bb4 Rf7 20. Nd6 Nxd6 21. Bxd6 Ba6 22. Qd3 g6 23. Rab1 Rc8 24. Rxb6 Nxe5 25. Bxe5 Bxc4 26. Qc3 Ba6 27. Qd4 Be2 28. Rbb1 f3 29. Bg3 Rc4 30. Rb8+ Rf8 31. Rxf8+ Kxf8 32. Qh8+ Ke7 33. Qxh7+ 1-0